Itihāsa-darśana. (Record no. 82775)

MARC details
000 -LEADER
fixed length control field 00614cam a22002411 4500
001 - CONTROL NUMBER
control field sa 68009186
003 - CONTROL NUMBER IDENTIFIER
control field DLC
005 - DATE AND TIME OF LATEST TRANSACTION
control field 20260227112541.0
008 - FIXED-LENGTH DATA ELEMENTS--GENERAL INFORMATION
fixed length control field 890605s1968 ii b 000 0 hino
010 ## - LIBRARY OF CONGRESS CONTROL NUMBER
LC control number sa 68009186
035 ## - SYSTEM CONTROL NUMBER
System control number (OCoLC)19820198
040 ## - CATALOGING SOURCE
Original cataloging agency DLC
Transcribing agency WaU
Modifying agency DLC
042 ## - AUTHENTICATION CODE
Authentication code premarc
050 00 - LIBRARY OF CONGRESS CALL NUMBER
Classification number D16.8
Item number .P7 1968
100 1# - MAIN ENTRY--PERSONAL NAME
Personal name Prakash, Buddha,
Dates associated with a name 1924-
245 10 - TITLE STATEMENT
Title Itihāsa-darśana.
260 ## - PUBLICATION, DISTRIBUTION, ETC.
Date of publication, distribution, etc. [1968]
300 ## - PHYSICAL DESCRIPTION
Extent 12, 398 p.
Dimensions 23 cm.
440 #0 - SERIES STATEMENT/ADDED ENTRY--TITLE
Title Hindī Samiti granthamālā ;
Volume/sequential designation 56
500 ## - GENERAL NOTE
General note In Hindi.
504 ## - BIBLIOGRAPHY, ETC. NOTE
Bibliography, etc. note Bibliographical footnotes.
650 #0 - SUBJECT ADDED ENTRY--TOPICAL TERM
Topical term or geographic name entry element History
General subdivision Philosophy.

No items available.

Powered by Koha